Business Law (Record no. 104361)
[ view plain ]
| 000 -LEADER | |
|---|---|
| fixed length control field | 00463nam a2200205Ia 4500 |
| 003 - CONTROL NUMBER IDENTIFIER | |
| control field | OSt |
| 005 - DATE AND TIME OF LATEST TRANSACTION | |
| control field | 20260206112030.0 |
| 008 - FIXED-LENGTH DATA ELEMENTS--GENERAL INFORMATION | |
| fixed length control field | 210210b2000 xxu||||| |||| 00| 0 eng d |
| 040 ## - CATALOGING SOURCE | |
| Original cataloging agency | AL |
| Transcribing agency | |
| 041 ## - LANGUAGE CODE | |
| Language code of text/sound track or separate title | eng |
| 082 ## - DEWEY DECIMAL CLASSIFICATION NUMBER | |
| Classification number | 346.065 RAMB |
| 100 ## - MAIN ENTRY--PERSONAL NAME | |
| Personal name | Raman B S |
| 9 (RLIN) | 35988 |
| 245 ## - TITLE STATEMENT | |
| Title | Business Law |
| 250 ## - EDITION STATEMENT | |
| Edition statement | 6 |
| 260 ## - PUBLICATION, DISTRIBUTION, ETC. | |
| Place of publication, distribution, etc. | Mangalore. |
| Name of publisher, distributor, etc. | United Publishers., |
| Date of publication, distribution, etc. | 2000 |
| 300 ## - PHYSICAL DESCRIPTION | |
| Extent | 974p |
| 690 ## - LOCAL SUBJECT ADDED ENTRY--TOPICAL TERM (OCLC, RLIN) | |
| Topical term or geographic name as entry element | Business Law |
| 9 (RLIN) | 35989 |
| 906 ## - LOCAL DATA ELEMENT F, LDF (RLIN) | |
| a | 057112 |
| 942 ## - ADDED ENTRY ELEMENTS (KOHA) | |
| Source of classification or shelving scheme | Dewey Decimal Classification |
| Koha item type | Book |
| Withdrawn status | Lost status | Source of classification or shelving scheme | Damaged status | Not for loan | Collection code | Home library | Current library | Date acquired | Source of acquisition | Cost, normal purchase price | Total Checkouts | Full call number | Barcode | Date last seen | Price effective from | Koha item type | Shelving location |
|---|---|---|---|---|---|---|---|---|---|---|---|---|---|---|---|---|---|
| Dewey Decimal Classification | Law | St Aloysius Library | St Aloysius Library | 02/17/2021 | Sita Book House, Mangalore. | 150.00 | 346.065 RAMB | 057112 | 02/17/2021 | 02/17/2021 | Book | ||||||
| Law | St Aloysius Library | St Aloysius Library | 02/17/2021 | Sita Book House, Mangalore. | 150.00 | 346.065 RAMB | 057115 | 02/17/2021 | 02/17/2021 | Book | |||||||
| Law | St Aloysius Library | St Aloysius Library | 02/17/2021 | Sita Book House, Mangalore. | 150.00 | 346.065 RAMB | 057113 | 02/17/2021 | 02/17/2021 | Book | |||||||
| Law | St Aloysius Library | St Aloysius Library | 02/17/2021 | Sita Book House, Mangalore. | 150.00 | 346.065 RAMB | 057114 | 02/17/2021 | 02/17/2021 | Book | |||||||
| Law | St Aloysius Library | St Aloysius Library | 02/17/2021 | Sita Book House, Mangalore. | 150.00 | 346.065 RAMB | 057116 | 02/17/2021 | 02/17/2021 | Book | |||||||
| Law | St Aloysius Library | St Aloysius Library | 02/17/2021 | School Book Company, Mangalore. | 180.00 | 346.065 RAMB | 058510 | 02/17/2021 | 02/17/2021 | Book | |||||||
| Dewey Decimal Classification | Commerce | St Aloysius Library | St Aloysius Library | 02/17/2021 | School Book Company, Mangalore. | 180.00 | 346.065 RAMB | 058557 | 02/17/2021 | 02/17/2021 | Book | ||||||
| Law | St Aloysius Library | St Aloysius Library | 02/17/2021 | School Book Company, Mangalore. | 180.00 | 346.065 RAMB | 058509 | 02/17/2021 | 02/17/2021 | Book | |||||||
| Law | St Aloysius Library | St Aloysius Library | 02/17/2021 | School Book Company, Mangalore. | 180.00 | 346.065 RAMB | 058556 | 02/17/2021 | 02/17/2021 | Book | |||||||
| Law | St Aloysius Library | St Aloysius Library | 07/12/2005 | 180.00 | 346.065 RAMB | D02538 | 07/19/2021 | 07/19/2021 | Donated Books |